000 00324 a2200121 4500
000 nam a22 7a 4500
005 20260302163506.0
020 _a9781394185511
100 _aLoke, Seng W.
_91123505
245 _aFrom Distribited Quantum Computing to Quantum Internet Computing
260 _bWiley
_c2024
942 _cTEXL
999 _c1688419
_d1688419